Länder mit den meisten Subway Restaurants - Statistiken

Allgemein
  • Dieses Quiz wurde 397 mal gespielt
  • Das Durchschnittsergebnis liegt bei 12 aus 15
Antwortstatistiken
# Land % Korrekt
20.307 Vereinigte Staaten
100%
657 Deutschland
99%
2.922 Kanada
96%
553 China
93%
371 Frankreich
93%
783 Mexiko
90%
2.153 Vereinigtes Königreich
90%
1.563 Brasilien
84%
424 Russland
82%
1.215 Australien
78%
715 Indien
76%
548 Südkorea
62%
240 Neuseeland
52%
219 Kolumbien
35%
335 Malaysia
22%
Keine übereinstimmenden Quizze gefunden
Verteilung der Resultate
Anzahl Personen mit jedem Resultat
Perzentil nach korrekt beantworteten Fragen
Ihre Resultats-Entwicklung
Sie haben dieses Quiz noch nicht gespielt